Los cazadores de nubes / (Registro nro. 7155)

Detalles MARC
000 -LIDER
fixed length control field 01199nam a2200337 a 4500
001 - NÚMERO DE CONTROL
Identificador de número de control
003 - IDENTIFICACDOR DE NÚMERO DE CONTROL
control field
005 - DATE AND TIME OF LATEST TRANSACTION
control field 20210824104817.0
008 - ELEMENTOS DE LONGITUD FIJA
fixed length control field 110411s2009 dr a 000 j spa d
020 ## - ISBN
International Standard Book Number 9789945172164
040 ## - FUENTE DE CATALOGACIÓN
Agencia que crea de manera original el registro BMPSU
Idioma de catalogación spa
Agencia que realiza la transcripción BPMSU
082 ## - NÚMERO DE CLASIFICACIÓN DECIMAL DE DEWEY
Classification number RD863.44
Item number G463c 2009
Edition number 22
100 1# - ASIENTO PRINCIPAL -- NOMBRE PERSONAL
Nombre personal Gil, Ramón
Fechas asociadas con el nombre 1969-
245 14 - MENCIÓN DE TITULO
Título Los cazadores de nubes /
Mención de responsabilidad Ramón Gil ; ilustraciones de Montserrat Ubach Figueras ; edición de Patricia Miranda Saldaña.
260 ## - PUBLICACIÓN, DISTRIBUCIÓN, ETC. (PIE DE IMPRENTA)
Lugar de publicación, distribución, etc Santo Domingo :
Nombre del editor, distribuidor, etc. Ediciones SM,
Fecha de publicación, distribución, etc 2009.
Fecha de impresión
300 ## - DESCRIPCIÓN FÍSICA
Extensión 129 p. :
Otros detalles físicos il. ;
Dimensiones 19 cm.
490 0# - MENCIÓN DE SERIES
Mención de serie El barco de vapor
Volume/sequential designation 8
500 ## - NOTA GENERAL
Nota general Incluye datos biográficos del autor en la contracubierta.
521 1# - TARGET AUDIENCE NOTE
Target audience note A partir de 9 años.
586 ## - AWARDS NOTE
Awards note Obra finalista II Premio de Literatura Infantil “El barco de vapor”, 2008.
590 ## - NOTA LOCAL
Enlace Inventariado, 2021/VM
650 #4 - ENCABEZAMIENTO DE MATERIA--TEMÁTICO
Fuente del encabezamiento o término Novela infantil dominicana
650 ## - ENCABEZAMIENTO DE MATERIA--TEMÁTICO
Fuente del encabezamiento o término Literatura infantil dominicana
700 1# - ASIENTO SECUNDARIO -- NOMBRE PERSONAL
Nombre personal Miranda Saldaña, Patricia,
Mención de responsabilidad ed.
700 1# - ASIENTO SECUNDARIO -- NOMBRE PERSONAL
Nombre personal Ubach Figueras, Montserrat,
Mención de responsabilidad ill.
910 ## - VALIDACIÓN
Validación VMateo V.
942 ## - ADDED ENTRY ELEMENTS (KOHA)
Source of classification or shelving scheme Dewey Decimal Classification
Koha item type Libros
945 ## - INFORMACIÓN DE PROCESAMIENTO LOCAL
Información de procesamiento local Inventariado, 2018/ YL
956 ## - LOCAL ELECTRONIC LOCATION AND ACCESS (OCLC)
Nombre de host VMATEO
Número de acceso 10
Información de compresión 20150520
Inicio de sesión BPMS
Procesador de solicitud 0069
956 ## - LOCAL ELECTRONIC LOCATION AND ACCESS (OCLC)
Nombre de host Validado. Control de calidad MFF
Existencias
Withdrawn status Lost status Source of classification or shelving scheme Damaged status Not for loan Collection code Home library Current library Date acquired Full call number Barcode Date last seen Price effective from Koha item type Total Checkouts Copy number Source of acquisition
    Dewey Decimal Classification     Colección Infantil Dominicana Biblioteca Pública Metropolitana Salomé Ureña Biblioteca Pública Metropolitana Salomé Ureña 07/15/2014 BPMSU CDI RD863.44 G463c 2009 BPMSU15040575 07/15/2014 07/15/2014 Libros      
    Dewey Decimal Classification     Colección Infantil Dominicana Biblioteca Pública Metropolitana Salomé Ureña Biblioteca Pública Metropolitana Salomé Ureña 07/15/2014 BPMSU CDI RD863.44 G463c 2009 BPMSU15040576 07/15/2014 07/15/2014 Libros   e.2  
    Dewey Decimal Classification     Colección Infantil Dominicana Biblioteca Pública Metropolitana Salomé Ureña Biblioteca Pública Metropolitana Salomé Ureña 05/20/2015 BPMSU CDI RD863.44 G463c 2009 BPMSU15051758 05/20/2015 05/20/2015 Libros   e.3 2021-08-18